[Event "Open Praha 2018 - A"]
[Site "Praha (CZE)"]
[Date "2018.01.17"]
[Round "7"]
[White "Storme, Isak"]
[Black "Chkhaidze, Nikoloz"]
[Result "1/2-1/2"]
[WhiteElo "2171"]
[BlackElo "2306"]
[PlyCount "129"]
[EventDate "2018.01.12"]

1. d4 Nf6 2. c4 g6 3. Nc3 d5 4. Bf4 Bg7 5. e3 O-O 6. Rc1 Be6 7. c5 Nh5 8. Bg5
b6 9. Be2 Nf6 10. b4 a5 11. a3 axb4 12. axb4 Ne4 13. Nxe4 dxe4 14. c6 Nxc6 15.
Rxc6 Qd5 16. Rxe6 Qxe6 17. Nh3 Qd6 18. O-O Qxb4 19. Qc2 e5 20. Qxc7 f6 21. dxe5
fxg5 22. Bc4+ Kh8 23. Nxg5 Qc5 24. Nf7+ Rxf7 25. Qxc5 bxc5 26. Bxf7 Bxe5 27.
Bd5 Ra4 28. g3 c4 29. Bxe4 c3 30. Bd3 Ra2 31. Rc1 Rd2 32. Be4 Kg7 33. Kf1 g5
34. Rc2 Rd1+ 35. Ke2 Ra1 36. f4 gxf4 37. gxf4 Bf6 38. Bf3 Rb1 39. e4 Rb2 40.
Kd3 Rxc2 41. Kxc2 Bd4 42. Kd3 c2 43. Kxc2 Be3 44. f5 Kf6 45. Kd3 Bf4 46. h4 h6
47. Kd4 Be5+ 48. Kd5 Bc3 49. Kd6 Be5+ 50. Kd7 Bg3 51. h5 Kf7 52. Bd1 Kf6 53.
Bb3 Be5 54. Ke8 Bd6 55. Be6 Kg7 56. Kd7 Be5 57. Ke7 Bf6+ 58. Kd6 Bh4 59. e5 Bg5
60. Bc4 Bh4 61. Ke6 Be1 62. f6+ Kf8 63. Kf5 Bb4 64. e6 Bc5 65. e7+ 1/2-1/2

[Event "Open Praha 2018 - A"]
[Site "Praha (CZE)"]
[Date "2018.01.17"]
[Round "7"]
[White "Lee, Jun Hyeok"]
[Black "Mulenko, Alexander"]
[Result "1-0"]
[WhiteElo "2305"]
[BlackElo "2064"]
[PlyCount "43"]
[EventDate "2018.01.12"]

1. d4 Nf6 2. Nf3 b6 3. e3 e6 4. Bd3 Bb7 5. O-O Be7 6. c4 c5 7. Nc3 cxd4 8. exd4
O-O 9. d5 exd5 10. cxd5 d6 11. Nd4 Nbd7 12. Bf4 Ne5 13. Nf5 Nxd3 14. Qxd3 Re8
15. Qd4 Nh5 16. Ne4 Bf8 17. Nexd6 Nxf4 18. Qxf4 Qb8 19. Nh6+ gxh6 20. Qxf7+ Kh8
21. Nxe8 Bxd5 22. Qxf8+ 1-0

[Event "Open Praha 2018 - A"]
[Site "Praha (CZE)"]
[Date "2018.01.17"]
[Round "7"]
[White "Vorisek, Jakub"]
[Black "Claridge-Hansen, William"]
[Result "1/2-1/2"]
[WhiteElo "1922"]
[BlackElo "2304"]
[PlyCount "59"]
[EventDate "2018.01.12"]

1. e4 c5 2. Nf3 e6 3. d4 cxd4 4. Nxd4 Nf6 5. Nc3 Nc6 6. Nxc6 bxc6 7. Bd3 d5 8.
Qe2 Be7 9. O-O O-O 10. Bd2 Nd7 11. Rae1 Nc5 12. Kh1 d4 13. Nd1 Nxd3 14. cxd3 a5
15. f4 Bb4 16. a3 Bxd2 17. Qxd2 c5 18. Qc2 Qb6 19. Nf2 Bb7 20. Ng4 f6 21. f5 e5
22. Rf3 Kf7 23. Rh3 Rh8 24. Qc4+ Ke7 25. Rg3 Ba6 26. Qa2 Kf8 27. Rc1 Qd6 28.
Qb3 Rb8 29. Qc2 Kf7 30. h4 1/2-1/2

[Event "Open Praha 2018 - A"]
[Site "Praha (CZE)"]
[Date "2018.01.17"]
[Round "7"]
[White "Wiley, Thomas"]
[Black "Prudnykova, Olga"]
[Result "1/2-1/2"]
[WhiteElo "2118"]
[BlackElo "2280"]
[PlyCount "60"]
[EventDate "2018.01.12"]

1. d4 c5 2. d5 e5 3. e4 a6 4. a4 d6 5. Be2 Be7 6. Nf3 Bg4 7. Nfd2 Bxe2 8. Qxe2
Bg5 9. O-O Ne7 10. a5 h6 11. Nc3 Bxd2 12. Bxd2 O-O 13. Na4 Nd7 14. b4 Rc8 15.
bxc5 Nxc5 16. Nxc5 Rxc5 17. Bb4 Rc7 18. c4 Ng6 19. g3 f5 20. Rac1 fxe4 21. c5
Qg5 22. Kh1 Rfc8 23. Qxe4 Qf6 24. Rcd1 dxc5 25. d6 Rd7 26. Qd5+ Kh7 27. Bxc5
Rxc5 28. Qxc5 Qf3+ 29. Kg1 Nf4 30. gxf4 Qg4+ 1/2-1/2

[Event "Open Praha 2018 - A"]
[Site "Praha (CZE)"]
[Date "2018.01.17"]
[Round "7"]
[White "Lee, Qing Aun"]
[Black "Patil, Mitali Madhukar"]
[Result "1-0"]
[WhiteElo "2277"]
[BlackElo "2048"]
[PlyCount "75"]
[EventDate "2018.01.12"]

1. e4 e5 2. Nf3 Nc6 3. Bc4 Bc5 4. c3 Nf6 5. d3 a6 6. Nbd2 d6 7. h3 O-O 8. Bb3
Ba7 9. O-O h6 10. Re1 Re8 11. Nf1 Be6 12. Ng3 Qd7 13. Be3 Bxb3 14. Qxb3 Bxe3
15. fxe3 d5 16. exd5 Qxd5 17. c4 Qd7 18. Rad1 b6 19. Rf1 Qe6 20. Nd2 Rad8 21.
Qc3 Rd7 22. Nb3 a5 23. Rd2 Red8 24. Nc1 h5 25. Rdf2 Nb4 26. Ne4 Nxe4 27. dxe4
Nd3 28. Nxd3 Rxd3 29. Qc1 R8d7 30. c5 Qxa2 31. cxb6 cxb6 32. Qc8+ Kh7 33. Rf5
f6 34. Rxh5+ Kg6 35. Qe8+ Qf7 36. Qh8 Qe7 37. Rg5+ fxg5 38. g4 1-0

[Event "Open Praha 2018 - A"]
[Site "Praha (CZE)"]
[Date "2018.01.17"]
[Round "7"]
[White "Tuma, Jiri"]
[Black "Steiner, Juraj"]
[Result "1-0"]
[WhiteElo "2272"]
[BlackElo "1954"]
[PlyCount "59"]
[EventDate "2018.01.12"]

1. e4 c5 2. b4 cxb4 3. a3 bxa3 4. Bxa3 d6 5. d4 g6 6. f4 Bg7 7. Nf3 Nc6 8. c3
Nh6 9. Bc4 Qc7 10. Qe2 O-O 11. O-O Bd7 12. h3 Rac8 13. Bd3 Rfe8 14. g4 Kh8 15.
g5 Ng8 16. Kg2 h5 17. f5 e6 18. fxg6 fxg6 19. Nh4 Nge7 20. Nxg6+ Nxg6 21. Qxh5+
Kg8 22. Qxg6 Rf8 23. e5 Rxf1 24. Bxd6 Ne7 25. Qh7+ Kf8 26. Bxc7 Rf7 27. Bd6
Bc6+ 28. Kg1 Bxe5 29. Qh6+ Bg7 30. Qxe6 1-0

[Event "Open Praha 2018 - A"]
[Site "Praha (CZE)"]
[Date "2018.01.17"]
[Round "7"]
[White "Druska, Juraj"]
[Black "Sernecki, Franciszek"]
[Result "1-0"]
[WhiteElo "2435"]
[BlackElo "2127"]
[PlyCount "93"]
[EventDate "2018.01.12"]

1. e4 e6 2. d4 d5 3. Nd2 dxe4 4. Nxe4 Nd7 5. g3 Ngf6 6. Nxf6+ Nxf6 7. Bg2 c5 8.
Nf3 cxd4 9. Qxd4 Qxd4 10. Nxd4 Bd6 11. O-O O-O 12. Rd1 Be5 13. b3 Nd5 14. Bb2
Nb4 15. Rd2 Nc6 16. Nxc6 Bxb2 17. Ne7+ Kh8 18. Rad1 Bf6 19. Nxc8 Raxc8 20. Bxb7
Rcd8 21. Kf1 g5 22. Rd7 Kg7 23. Ba6 Rxd7 24. Rxd7 Rd8 25. Rxa7 Rd2 26. Rc7 Rd1+
27. Ke2 Rh1 28. Bb5 Be5 29. Rd7 Rxh2 30. Ke3 Bc3 31. Ke2 Bb4 32. Rc7 Bd6 33.
Rc3 h5 34. Bc6 g4 35. Kf1 h4 36. gxh4 Rxh4 37. a4 Bb4 38. Rd3 Bc5 39. c3 Rh2
40. Bg2 Rh8 41. b4 Ba7 42. Rd7 Bb8 43. a5 Rc8 44. Rb7 g3 45. Rxb8 Rxb8 46. a6
gxf2 47. a7 1-0

[Event "Open Praha 2018 - A"]
[Site "Praha (CZE)"]
[Date "2018.01.17"]
[Round "7"]
[White "Rosenbaum, Vit"]
[Black "Haug, Johannes"]
[Result "0-1"]
[WhiteElo "2123"]
[BlackElo "2357"]
[PlyCount "80"]
[EventDate "2018.01.12"]

1. e4 e6 2. d3 d5 3. Nd2 Nf6 4. Ngf3 c5 5. g3 b6 6. Bg2 Bb7 7. O-O Be7 8. e5
Nfd7 9. Re1 Nc6 10. Nf1 Qc7 11. Qe2 O-O-O 12. a3 Rdg8 13. h4 h6 14. N1h2 Nf8
15. Bd2 f5 16. exf6 gxf6 17. b4 e5 18. c4 dxc4 19. dxc4 Kb8 20. Rab1 Ne6 21.
Bc3 Rg7 22. Qd2 h5 23. Kf1 Ncd4 24. Bxd4 cxd4 25. Qc2 Rc8 26. Bh3 Qc6 27. c5
Rd8 28. Qf5 Nc7 29. cxb6 Qxb6 30. Qxh5 e4 31. Nd2 e3 32. Ndf3 exf2 33. Kxf2 d3+
34. Kg2 d2 35. Rf1 Nd5 36. Ng4 Rxg4 37. Bxg4 Ne3+ 38. Kh3 Nxf1 39. Nh2 Qf2 40.
Rxf1 Qg2# 0-1

[Event "Open Praha 2018 - A"]
[Site "Praha (CZE)"]
[Date "2018.01.17"]
[Round "7"]
[White "Narendran, Gouthaman"]
[Black "Kaasen, Tor Fredrik"]
[Result "0-1"]
[WhiteElo "2106"]
[BlackElo "2340"]
[PlyCount "96"]
[EventDate "2018.01.12"]

1. e4 c5 2. Nf3 e6 3. d4 cxd4 4. Nxd4 Nc6 5. Nc3 Qc7 6. Be3 Nf6 7. Qf3 a6 8.
O-O-O d6 9. Qg3 Bd7 10. f4 Rc8 11. Bd3 b5 12. Nxc6 Bxc6 13. e5 dxe5 14. fxe5
Nd5 15. Nxd5 Bxd5 16. Kb1 g6 17. h4 Bc4 18. h5 Bg7 19. hxg6 hxg6 20. Rxh8+ Bxh8
21. Bf4 Bg7 22. Bxc4 Qxc4 23. Qd3 Qxd3 24. cxd3 Kd7 25. d4 Rh8 26. d5 exd5 27.
Rxd5+ Ke6 28. Rd6+ Kf5 29. Rd7 Rf8 30. Bh2 Bxe5 31. Bxe5 Kxe5 32. Ra7 Kf4 33.
Rxa6 g5 34. Ra3 f5 35. Kc2 Rh8 36. Rf3+ Kg4 37. Kd3 Rh2 38. Rf2 f4 39. Ke2 Kg3
40. Kf1 Rh1+ 41. Ke2 Rb1 42. Rf3+ Kxg2 43. Rb3 g4 44. Rxb5 f3+ 45. Ke3 Re1+ 46.
Kd2 f2 47. Rf5 f1=Q 48. Rxf1 Rxf1 0-1

[Event "Open Praha 2018 - A"]
[Site "Praha (CZE)"]
[Date "2018.01.17"]
[Round "7"]
[White "Tatarintsev, Egor"]
[Black "Certek, Pavel"]
[Result "1-0"]
[WhiteElo "2100"]
[BlackElo "2286"]
[PlyCount "107"]
[EventDate "2018.01.12"]

1. e4 c5 2. c3 g6 3. d4 cxd4 4. cxd4 d5 5. exd5 Nf6 6. Qa4+ Nbd7 7. Nc3 Bg7 8.
d6 O-O 9. Be2 Nb6 10. Qa3 Qxd6 11. Qxd6 exd6 12. Bf3 d5 13. Nge2 Bd7 14. Bf4
Bc6 15. O-O-O Rac8 16. Kb1 Rfe8 17. Be5 Rcd8 18. Nf4 g5 19. Bxf6 Bxf6 20. Nh5
Bh8 21. h4 h6 22. hxg5 hxg5 23. Ng3 Re6 24. Rh5 Rg6 25. Bg4 Bd7 26. Bxd7 Rxd7
27. Re1 Rd8 28. Nf5 Bf6 29. g4 Kf8 30. Kc2 Na8 31. Nb5 a6 32. Nbd6 b6 33. Rh7
Bg7 34. Nxf7 Rd7 35. Nxg7 Kg8 36. Nxg5 Rxg5 37. Ne6 Kxh7 38. Nxg5+ Kg6 39. Nf3
Kf6 40. Re5 Nc7 41. Rf5+ Kg7 42. Ne5 Re7 43. Kd3 Nb5 44. f4 Nd6 45. Rg5+ Kh7
46. Rg6 Nc4 47. f5 Nxb2+ 48. Kc3 Na4+ 49. Kb3 b5 50. Rxa6 Rc7 51. Rc6 Rb7 52.
Kb4 Nb2 53. Rd6 Ra7 54. Rd7+ 1-0

[Event "Open Praha 2018 - A"]
[Site "Praha (CZE)"]
[Date "2018.01.17"]
[Round "7"]
[White "Zwahr, Paul"]
[Black "Nimmy, A.G."]
[Result "1-0"]
[WhiteElo "2269"]
[BlackElo "2109"]
[PlyCount "101"]
[EventDate "2018.01.12"]

1. e4 c5 2. Nf3 d6 3. d4 cxd4 4. Nxd4 Nf6 5. Nc3 Nc6 6. Bg5 e6 7. Qd2 a6 8.
O-O-O Be7 9. f4 Nxd4 10. Qxd4 b5 11. Bxf6 gxf6 12. f5 Qa5 13. Kb1 b4 14. Ne2
Bd7 15. Nf4 Qc5 16. Qd2 a5 17. Nh5 h6 18. h4 Rb8 19. Rh3 a4 20. Re1 Bd8 21. Rd1
Ke7 22. Rd3 a3 23. Qc1 Bc7 24. Nf4 axb2 25. Qd2 Ra8 26. fxe6 Bxe6 27. Nd5+ Bxd5
28. Rxd5 Qc3 29. Rd3 Qe5 30. Rd5 Qc3 31. Rxd6 Qxd2 32. R6xd2 Be5 33. Rd7+ Kf8
34. Bc4 Rh7 35. Rb7 Rg7 36. Rdd7 Kg8 37. Rxf7 Rxf7 38. Bxf7+ Kf8 39. Bd5 Bc3
40. Rh7 Rd8 41. g4 Be5 42. Rb7 Bc3 43. Rf7+ Ke8 44. Rh7 Kf8 45. Rh8+ Ke7 46.
Rxh6 Be5 47. g5 Rd6 48. Rh7+ Kf8 49. Rf7+ Kg8 50. g6 Kh8 51. Rh7# 1-0

[Event "Open Praha 2018 - A"]
[Site "Praha (CZE)"]
[Date "2018.01.17"]
[Round "7"]
[White "Pantzar, Milton"]
[Black "Nilsen, Martin"]
[Result "1-0"]
[WhiteElo "2268"]
[BlackElo "2098"]
[PlyCount "89"]
[EventDate "2018.01.12"]

1. e4 e5 2. Nf3 Nc6 3. Bb5 f5 4. exf5 e4 5. Bxc6 dxc6 6. Qe2 Qe7 7. Nd4 Nf6 8.
Nc3 Qe5 9. Nf3 Qxf5 10. d3 Bb4 11. Ng5 Bxc3+ 12. bxc3 Qe5 13. Nxe4 O-O 14. Bd2
Nxe4 15. Qxe4 Qf6 16. O-O Be6 17. Qd4 Qg6 18. f3 Bd5 19. Kh1 Rf5 20. c4 c5 21.
Qf2 Bc6 22. Rae1 Raf8 23. Bc3 R8f7 24. Re5 Rxe5 25. Bxe5 b6 26. Re1 Re7 27. Bb2
Qe8 28. Rxe7 Qxe7 29. h3 h6 30. Kh2 Kh7 31. f4 Qd6 32. Be5 Qe7 33. Qg3 Bd7 34.
Qf3 c6 35. Qe4+ g6 36. c3 Qe6 37. Qe1 b5 38. Qe3 Qe7 39. cxb5 cxb5 40. Qe4 b4
41. cxb4 cxb4 42. Qb7 g5 43. Qe4+ Kg8 44. Qg6+ Kf8 45. Bd6 1-0

[Event "Open Praha 2018 - A"]
[Site "Praha (CZE)"]
[Date "2018.01.17"]
[Round "7"]
[White "Harazinska, Ewa"]
[Black "Darnell, Anton"]
[Result "1-0"]
[WhiteElo "2245"]
[BlackElo "2087"]
[PlyCount "47"]
[EventDate "2018.01.12"]

1. d4 d5 2. c4 c6 3. Nc3 Nf6 4. Nf3 a6 5. cxd5 cxd5 6. Bf4 Nc6 7. Rc1 Bf5 8.
Ne5 Rc8 9. e3 Qb6 10. Bd3 Bxd3 11. Nxd3 e6 12. O-O Qd8 13. Na4 Bd6 14. Bxd6
Qxd6 15. Nac5 Qc7 16. Nxa6 bxa6 17. Ne5 Qa5 18. Nxc6 Qxa2 19. Nb4 Rxc1 20. Qxc1
Qa5 21. Qc6+ Nd7 22. Qd6 Qd8 23. Nc6 Qf6 24. Qc7 1-0

[Event "Open Praha 2018 - A"]
[Site "Praha (CZE)"]
[Date "2018.01.17"]
[Round "7"]
[White "Yapar, Nedim"]
[Black "Stoyanov, Tsvetan"]
[Result "1/2-1/2"]
[WhiteElo "2102"]
[BlackElo "2242"]
[PlyCount "60"]
[EventDate "2018.01.12"]

1. Nf3 Nf6 2. c4 e6 3. g3 b6 4. Bg2 Bb7 5. O-O Be7 6. Nc3 O-O 7. d4 Ne4 8. Nxe4
Bxe4 9. b3 Bf6 10. Bb2 d5 11. Qd2 a5 12. Rfd1 Na6 13. Rac1 Rc8 14. Ne5 Bxg2 15.
Kxg2 Nb4 16. a3 Na6 17. Nc6 Qd6 18. Na7 Ra8 19. Nb5 Qd7 20. Qf4 c6 21. Nc3 b5
22. cxb5 cxb5 23. a4 Nc7 24. Ne4 dxe4 25. Rxc7 Qd5 26. Qe3 bxa4 27. bxa4 Rab8
28. Rc5 Qa2 29. Bc3 Qxa4 30. Ra1 Qd7 1/2-1/2

[Event "Open Praha 2018 - A"]
[Site "Praha (CZE)"]
[Date "2018.01.17"]
[Round "7"]
[White "Fedorov, Evgueny"]
[Black "Ziogas, Modestas"]
[Result "1-0"]
[WhiteElo "2241"]
[BlackElo "2073"]
[PlyCount "57"]
[EventDate "2018.01.12"]

1. e4 c5 2. Nf3 Nc6 3. d4 cxd4 4. Nxd4 e5 5. Nb5 d6 6. N1c3 a6 7. Na3 b5 8. Nd5
Nf6 9. Bg5 Qa5+ 10. Bd2 Qd8 11. c4 Nxe4 12. cxb5 Nd4 13. bxa6 Qh4 14. Be3 Nxf2
15. Bxf2 Qe4+ 16. Ne3 d5 17. Bd3 Bb4+ 18. Kf1 Bxa6 19. Qa4+ Kd8 20. Bxa6 Bd2
21. Nac2 Qf4 22. Nxd5 Qe4 23. Ncb4 f5 24. Bxd4 exd4 25. Nc6+ Ke8 26. Ne5+ Kf8
27. Qa3+ Kg8 28. Ne7+ Kf8 29. N7g6+ 1-0

[Event "Open Praha 2018 - A"]
[Site "?"]
[Date "2018.01.18"]
[Round "8"]
[White "Chekletsov, Ilya"]
[Black "Stefansson, Hannes"]
[Result "1-0"]
[BlackElo "2523"]
[WhiteElo "2373"]
[LiveChessVersion "1.4.8"]

1. d4 {[%clk 1:30:57]} d5 {[%clk 1:30:37]} 2. c4 {[%clk 1:31:22]} e6
{[%clk 1:30:55]} 3. Nf3 {[%clk 1:31:47]} Nf6 {[%clk 1:31:07]} 4. g3
{[%clk 1:32:12]} Be7 {[%clk 1:31:06]} 5. Bg2 {[%clk 1:32:35]} O-O
{[%clk 1:31:18]} 6. O-O {[%clk 1:33:00]} Nbd7 {[%clk 1:31:23]} 7. Qc2
{[%clk 1:31:58]} c6 {[%clk 1:31:05]} 8. Nbd2 {[%clk 1:31:56]} b6 {[%clk 1:30:44]}
9. e4 {[%clk 1:32:21]} dxc4 {[%clk 1:30:06]} 10. Nxc4 {[%clk 1:32:06]} c5
{[%clk 1:29:36]} 11. Ng5 {[%clk 1:19:30]} g6 {[%clk 1:26:47]} 12. d5
{[%clk 1:18:40]} Ng4 {[%clk 1:26:20]} 13. dxe6 {[%clk 0:44:27]} Bxg5
{[%clk 1:25:31]} 14. exd7 {[%clk 0:44:55]} Bxd7 {[%clk 1:25:43]} 15. Rd1
{[%clk 0:40:48]} Bxc1 {[%clk 1:22:20]} 16. Raxc1 {[%clk 0:40:52]} Qc7
{[%clk 1:08:11]} 17. h3 {[%clk 0:33:49]} Nf6 {[%clk 1:07:37]} 18. e5
{[%clk 0:32:39]} Bf5 {[%clk 1:07:26]} 19. Qe2 {[%clk 0:29:43]} Rae8
{[%clk 1:06:29]} 20. Nd6 {[%clk 0:27:14]} Re7 {[%clk 1:06:03]} 21. Nxf5
{[%clk 0:27:32]} gxf5 {[%clk 1:06:27]} 22. f4 {[%clk 0:27:49]} Ne8
{[%clk 1:06:28]} 23. Rd5 {[%clk 0:23:01]} Rd7 {[%clk 1:05:00]} 24. Rxd7
{[%clk 0:17:13]} Qxd7 {[%clk 1:04:24]} 25. Rd1 {[%clk 0:17:41]} Qe6
{[%clk 0:59:35]} 26. b3 {[%clk 0:13:21]} Kh8 {[%clk 0:59:01]} 27. Qc4
{[%clk 0:09:39]} Qg6 {[%clk 0:58:01]} 28. Qc3 {[%clk 0:09:48]} Ng7
{[%clk 0:57:49]} 29. Rd6 {[%clk 0:05:20]} Ne6 {[%clk 0:58:00]} 30. Kh2
{[%clk 0:03:20]} Rg8 {[%clk 0:58:10]} 31. Bd5 {[%clk 0:02:55]} Qh5
{[%clk 0:57:06]} 32. Bf3 {[%clk 0:03:09]} Qg6 {[%clk 0:57:29]} 33. Bd5
{[%clk 0:03:37]} Qh5 {[%clk 0:57:53]} 34. Qf3 {[%clk 0:00:50]} Qxf3
{[%clk 0:57:23]} 35. Bxf3 {[%clk 0:01:17]} Rc8 {[%clk 0:55:49]} 36. Bd5
{[%clk 0:01:28]} b5 {[%clk 0:56:05]} 37. Bxe6 {[%clk 0:00:35]} fxe6
{[%clk 0:56:30]} 38. Kg2 {[%clk 0:01:01]} c4 {[%clk 0:56:52]} 39. bxc4
{[%clk 0:01:28]} bxc4 {[%clk 0:57:17]} 40. Rd2 {[%clk 0:01:53]} h5
{[%clk 0:55:32]} 41. h4 {[%clk 0:22:58]} Kg8 {[%clk 1:20:37]} 42. Kf3
{[%clk 0:23:14]} c3 {[%clk 1:12:57]} 43. Rc2 {[%clk 0:23:40]} Rc4
{[%clk 1:11:34]} 44. Ke3 {[%clk 0:19:41]} Kf8 {[%clk 1:11:21]} 45. Kd3
{[%clk 0:19:56]} Ra4 {[%clk 1:11:47]} 46. Kxc3 {[%clk 0:19:51]} Ra3+
{[%clk 1:11:49]} 47. Kb4 {[%clk 0:20:12]} Rxg3 {[%clk 1:12:04]} 48. Rc8+
{[%clk 0:20:38]} Ke7 {[%clk 1:12:12]} 49. Rc7+ {[%clk 0:21:04]} Kd8
{[%clk 1:12:39]} 50. Rxa7 {[%clk 0:21:30]} Rg4 {[%clk 1:12:39]} 51. Kc5
{[%clk 0:21:54]} Rxf4 {[%clk 1:11:41]} 52. Kd6 {[%clk 0:22:21]} Rd4+
{[%clk 1:10:52]} 53. Kxe6 {[%clk 0:22:47]} f4 {[%clk 1:11:17]} 54. Ra8+
{[%clk 0:20:33]} Kc7 {[%clk 1:11:40]} 55. Rf8 {[%clk 0:21:00]} f3
{[%clk 1:11:38]} 56. Rxf3 {[%clk 0:21:01]} Rxh4 {[%clk 1:12:03]} 57. Ke7
{[%clk 0:13:32]} 1-0

[Event "Open Praha 2018 - A"]
[Site "?"]
[Date "2018.01.18"]
[Round "8"]
[White "Pacher, Milan"]
[Black "Raahul, V S"]
[Result "1-0"]
[BlackElo "2205"]
[WhiteElo "2444"]
[LiveChessVersion "1.4.8"]

1. e4 {[%clk 1:30:58]} e5 {[%clk 1:30:29]} 2. Nf3 {[%clk 1:31:16]} Nc6
{[%clk 1:30:53]} 3. Bb5 {[%clk 1:31:39]} a6 {[%clk 1:31:17]} 4. Ba4
{[%clk 1:32:05]} Nf6 {[%clk 1:31:45]} 5. O-O {[%clk 1:32:28]} b5 {[%clk 1:32:10]}
6. Bb3 {[%clk 1:32:54]} Bb7 {[%clk 1:32:37]} 7. d3 {[%clk 1:33:05]} Be7
{[%clk 1:32:37]} 8. Nc3 {[%clk 1:32:05]} O-O {[%clk 1:31:58]} 9. Bd2
{[%clk 1:31:58]} d6 {[%clk 1:28:28]} 10. Nd5 {[%clk 1:32:03]} Qd7
{[%clk 1:27:16]} 11. a4 {[%clk 1:29:57]} Nd8 {[%clk 1:24:05]} 12. Nxe7+
{[%clk 1:26:13]} Qxe7 {[%clk 1:24:33]} 13. axb5 {[%clk 1:26:26]} axb5
{[%clk 1:25:01]} 14. Rxa8 {[%clk 1:26:44]} Bxa8 {[%clk 1:25:29]} 15. Nh4
{[%clk 1:24:53]} d5 {[%clk 1:14:32]} 16. Nf5 {[%clk 1:22:31]} Qd7
{[%clk 1:14:27]} 17. Bg5 {[%clk 1:12:58]} dxe4 {[%clk 1:02:53]} 18. dxe4
{[%clk 1:12:24]} Bxe4 {[%clk 1:01:29]} 19. Nh6+ {[%clk 1:09:17]} gxh6
{[%clk 1:01:31]} 20. Bxf6 {[%clk 1:09:44]} Qd6 {[%clk 0:53:52]} 21. Qg4+
{[%clk 0:51:41]} Bg6 {[%clk 0:54:20]} 22. Qh4 {[%clk 0:52:05]} Nc6
{[%clk 0:53:19]} 23. c3 {[%clk 0:52:16]} Qd2 {[%clk 0:52:51]} 24. f4
{[%clk 0:49:22]} Qe3+ {[%clk 0:51:30]} 25. Kh1 {[%clk 0:49:49]} h5
{[%clk 0:50:31]} 26. h3 {[%clk 0:43:09]} exf4 {[%clk 0:49:57]} 27. Bd5
{[%clk 0:37:48]} Qd3 {[%clk 0:35:17]} 28. Qxf4 {[%clk 0:37:58]} Nb8
{[%clk 0:35:27]} 29. c4 {[%clk 0:28:33]} Nd7 {[%clk 0:29:20]} 30. Be7
{[%clk 0:27:52]} c6 {[%clk 0:23:14]} 31. Bxf8 {[%clk 0:28:03]} cxd5
{[%clk 0:23:20]} 32. Bh6 {[%clk 0:28:27]} dxc4 {[%clk 0:22:44]} 33. Re1
{[%clk 0:28:35]} f6 {[%clk 0:21:25]} 34. Qc7 {[%clk 0:27:45]} Kf7
{[%clk 0:21:36]} 35. Re3 {[%clk 0:25:25]} Qd4 {[%clk 0:20:22]} 36. Bf4
{[%clk 0:23:26]} Bf5 {[%clk 0:20:11]} 37. Qd8 {[%clk 0:17:59]} Be6
{[%clk 0:18:45]} 38. Rf3 {[%clk 0:18:05]} b4 {[%clk 0:17:54]} 39. Qh8
{[%clk 0:18:06]} Bf5 {[%clk 0:17:46]} 40. Bh6 {[%clk 0:12:47]} Qxb2
{[%clk 0:14:09]} 41. Qg7+ {[%clk 0:12:06]} Ke6 {[%clk 0:14:17]} 42. Qg8+
{[%clk 0:12:30]} Ke7 {[%clk 0:12:28]} 43. Qxc4 {[%clk 0:11:48]} Ne5
{[%clk 0:10:35]} 44. Qc5+ {[%clk 0:11:29]} Kd7 {[%clk 0:09:49]} 45. Rf4
{[%clk 0:10:25]} Be4 {[%clk 0:09:57]} 46. Rf2 {[%clk 0:06:06]} Qc3
{[%clk 0:08:48]} 47. Rd2+ {[%clk 0:05:36]} Nd3 {[%clk 0:07:14]} 48. Qb5+
{[%clk 0:03:43]} Ke6 {[%clk 0:06:22]} 49. Qe8+ {[%clk 0:03:45]} Kd5
{[%clk 0:06:20]} 50. Qf7+ {[%clk 0:03:16]} Kd4 {[%clk 0:05:12]} 51. Qxf6+
{[%clk 0:03:36]} Kc4 {[%clk 0:05:37]} 52. Qe6+ {[%clk 0:03:55]} Bd5
{[%clk 0:05:41]} 53. Qa6+ {[%clk 0:04:21]} 1-0